书目信息 |
| 题名: |
如何料理游戏的一份菜谱
|
|
| 作者: | 丁亮 著 | |
| 分册: | ||
| 出版信息: | 北京 电子工业出版社 2016 |
|
| 页数: | 195页 | |
| 开本: | 23cm | |
| 丛书名: | ||
| 单 册: | ||
| 中图分类: | G898 , TP311.5 | |
| 科图分类: | ||
| 主题词: | 游戏--设计 , 软件 | |
| 电子资源: | ||
| ISBN: | 978-7-121-27783-2 | |
| 000 | 00981nam0 2200253 450 | |
| 001 | 1776 | |
| 005 | 20161130162753.35 | |
| 010 | @a978-7-121-27783-2@dCNY58.00 | |
| 100 | @a20160302d2016 em y0chiy50 ea | |
| 101 | 0 | @achi |
| 102 | @aCN@b110000 | |
| 105 | @aa z 000yy | |
| 200 | 1 | @a如何料理游戏的一份菜谱@9ru he liao li you xi de yi fen cai pu@e游戏的思考、设计与执行@f丁亮著 |
| 210 | @a北京@c电子工业出版社@d2016 | |
| 215 | @a195页@c图@d23cm | |
| 330 | @a本书首先从游戏的定义出发,谈论对游戏的认知理解,然后逐步展开讨论游戏的设计,终落实到游戏设计的执行上。全面多层次地探讨游戏设计相关的话题,试图确立一种游戏的价值观和设计理念,把游戏行业置于更宏观的娱乐行业范畴内探讨游戏设计。 | |
| 517 | 1 | @a游戏的思考、设计与执行@9you xi de si kao 、 she ji yu zhi xing |
| 606 | 0 | @a游戏@x设计 |
| 606 | 0 | @a软件 |
| 690 | @aG898@v5 | |
| 690 | @aTP311.5@v4 | |
| 701 | 0 | @a丁亮@9ding liang@4著 |
| 801 | 0 | @aCN@b大连网信软件有限公司图书馆·11@c20161130 |
| 905 | @aZUCC@dG898@e310 | |
| 如何料理游戏的一份菜谱:游戏的思考、设计与执行/丁亮著.-北京:电子工业出版社,2016 |
| 195页:图;23cm |
| ISBN 978-7-121-27783-2:CNY58.00 |
| 本书首先从游戏的定义出发,谈论对游戏的认知理解,然后逐步展开讨论游戏的设计,终落实到游戏设计的执行上。全面多层次地探讨游戏设计相关的话题,试图确立一种游戏的价值观和设计理念,把游戏行业置于更宏观的娱乐行业范畴内探讨游戏设计。 |
| ● |
| 相关链接 |
|
|
|
|
正题名:如何料理游戏的一份菜谱
索取号:G898/310
 
预约/预借
| 序号 | 登录号 | 条形码 | 馆藏地/架位号 | 状态 | 备注 |
| 1 | 909806 | 209098064 | 第一样本阅览室/ [索取号:G898/310] | 在馆 | |
| 2 | 909807 | 209098073 | 计算机科学系资料室/ [索取号:G898/310] | 在馆 | |
| 3 | 909808 | 209098082 | 第四借阅区/ [索取号:G898/310] | 在馆 | |
| 4 | 909809 | 209098091 | 第四借阅区/ [索取号:G898/310] | 在馆 | |
| 5 | 909810 | 209098108 | 第四借阅区/ [索取号:G898/310] | 在馆 |